000 00745nam a22002417a 4500
999 _c3982
_d3982
003 AR-CdUCM
008 190307b ||||| |||| 00| 0 spa d
020 _a84-8280-121-X
040 _aMUNICIPALIDAD PROVINCIAL DEL CUSCO
_cBIBLIOTECA MUNICIPAL DEL CUSCO
041 _heng
082 _a828.916 /
_bJ79
100 _aJoyce, James
_911948
245 _aRetrato del artista adolescente /
260 _aBogotá :
_bLa oveja Negra,
_c1984.
300 _a280 páginas ;
_c19 cm.
440 _aHistoria universal de la literatura.
_n21
_912723
650 _aNovelas irlandesas
_912724
650 _aSiglo XX
_98
650 _aTraducciones al español
_91053
700 _aDamasco Alonso (traductor)
_912725
942 _2ddc
_cLIBROS
945 _azta